Writing business proposals and reports : (Record no. 48139)

000 -LEADER
fixed length control field 00930nam a2200265 a 4500
001 - CONTROL NUMBER
control field 2963557
003 - CONTROL NUMBER IDENTIFIER
control field Nust
005 - DATE AND TIME OF LATEST TRANSACTION
control field 20170110151956.0
008 - FIXED-LENGTH DATA ELEMENTS--GENERAL INFORMATION
fixed length control field 930212s1992 caua 000 0 eng
010 ## - LIBRARY OF CONGRESS CONTROL NUMBER
LC control number 91076247
020 ## - INTERNATIONAL STANDARD BOOK NUMBER
International Standard Book Number 978-8176497374
040 ## - CATALOGING SOURCE
Original cataloging agency DLC
Transcribing agency DLC
050 00 - LIBRARY OF CONGRESS CALL NUMBER
Classification number HF5718.5
Item number .B76 1992
082 ## - DEWEY DECIMAL CLASSIFICATION NUMBER
Classification number 808.66
Author Mark BRO
100 1# - MAIN ENTRY--PERSONAL NAME
Personal name Brock, Susan L.
245 10 - TITLE STATEMENT
Title Writing business proposals and reports :
Remainder of title strategies for success /
Statement of responsibility, etc. Susan L. Brock.
260 ## - PUBLICATION, DISTRIBUTION, ETC.
Place of publication, distribution, etc. Los Altos, Calif. :
Name of publisher, distributor, etc. Crisp Publications,
Date of publication, distribution, etc. 1992.
300 ## - PHYSICAL DESCRIPTION
Extent iii, 85 p. :
Other physical details ill. ;
Dimensions 26 cm.
440 #0 - SERIES STATEMENT/ADDED ENTRY--TITLE
Title Fifty-Minute series
500 ## - GENERAL NOTE
General note "Key strategies for success"--Cover.
650 #0 - SUBJECT ADDED ENTRY--TOPICAL TERM
Topical term or geographic name entry element Proposal writing in business.
650 #0 - SUBJECT ADDED ENTRY--TOPICAL TERM
Topical term or geographic name entry element Business report writing.
906 ## - LOCAL DATA ELEMENT F, LDF (RLIN)
a 7
b cbc
c orignew
d 3
e opcn
f 19
g y-gencatlg
942 ## - ADDED ENTRY ELEMENTS (KOHA)
Source of classification or shelving scheme
Koha item type Book
Holdings
Withdrawn status Lost status Source of classification or shelving scheme Damaged status Not for loan Collection code Permanent Location Current Location Shelving location Date acquired Total Checkouts Full call number Barcode Date last seen Copy number Price effective from Koha item type
            Central Library (CL) Central Library (CL) Book Cart 01/10/2017   808.66 BRO CL2261 01/10/2017 1 01/10/2017 Book
© 2023 Central Library, National University of Sciences and Technology. All Rights Reserved.